00313pab a2200109 454500008003600000100001800036245005300054650002000107650002100127650002800148773002700176180718b xxu||||| |||| 00| 0 eng d aSussman, Oren aFinancial liberalization: the israeli experience a Liberalization a Finance, Public aFinance, Pubil - Israel aOxford Economic Papers